banner koha

Repeatability and number of measurements for productive variables in vegetable crops experiments (Registro n. 338322)

MARC details
000 -LÍDER
fixed length control field 04568nab a2200373 i 4500
003 - CÓDIGO MARC DA AGÊNCIA CATALOGADORA
Campo de controle BR-BrBNA
005 - DATA E HORA DA ÚLTIMA ATUALIZAÇÃO
Campo de controle 20250923112931.0
008 - CAMPO DE TAMANHO FIXO
fixed length control field 250923b2022 bl.qr|pooa||| 00| 0 eng |
040 ## - FONTE DA CATALOGAÇÃO
Agência catalogadora BR-BrBNA
Idioma da catalogação eng
072 ## - CATEGORIA AGRIS
Código AGRIS F01
Código do objeto 1823
072 ## - CATEGORIA AGRIS
Código AGRIS U10
Código do objeto 1821
072 ## - CATEGORIA AGRIS
Código do objeto 1470
100 ## - ENTRADA PRINCIPAL - NOME PESSOAL
Nome pessoal Lucio, Alessandro Dal’Col
100 ## - ENTRADA PRINCIPAL - NOME PESSOAL
Nome pessoal Lambrecht, Darlei M
100 ## - ENTRADA PRINCIPAL - NOME PESSOAL
Nome pessoal Diel, Maria Inês
100 ## - ENTRADA PRINCIPAL - NOME PESSOAL
Nome pessoal Tischler, André Luís
100 ## - ENTRADA PRINCIPAL - NOME PESSOAL
Nome pessoal Tartaglia, Francieli de L
100 ## - ENTRADA PRINCIPAL - NOME PESSOAL
Nome pessoal Zemolin, João Alberto
100 ## - ENTRADA PRINCIPAL - NOME PESSOAL
Nome pessoal Marques, Lucas E
245 ## - TÍTULO PRINCIPAL
Título principal Repeatability and number of measurements for productive variables in vegetable crops experiments
500 ## - NOTA GERAL
Nota geral <br/><br/>Publicação online; 24 ref.; 5 illus.; Summaries (En, Pt)
942 ## - ADDED ENTRY ELEMENTS (KOHA)
Koha item type Analítica
520 ## - NOTA DE RESUMO
Nota de conteúdo <br/><br/><br/>ABSTRACT: One of the ways to optimize the evaluation of the experiment and obtain high precision of the results is with the use of an adequate number of measurements for each variable observed in the experiment. In this sense, the objective of this study was to stimate the repeatability coefficient and the number of measurements necessary for the analysis of characters of production of zucchini, cucumber, pout pepper and pea. In the experiments carried out with zucchini and cucumber the variables number of fruits, fruit mass, fruit length, largest fruit diameter and smallest fruit diameter were evaluated. For pea the number, length and mass of pods, number and mass of grains per pod and for pout pepper number and mass of fruits, largest fruit diameter and length were evaluated. The repeatability coefficient (r) was estimated by the principal component method using the correlation matrix and the covariance matrix. The number of measurements for each variable was also determined based on<br/>the coefficients of determination of 0.80, 0.85, 0.90, 0.95 and 1.00. The estimated repeatability coefficient obtained the highest estimates using the covariance matrix, ranging from 0.67 to 0.84 for zucchini, from 0.66 to 0.97 for cucumber, from 0.47 to 0.70 for pea and from 0.57 to 0.71 for pout pepper. To evaluate the fruit mass in zucchini, cucumber, pea and pout pepper, are exactly, respectively, 7, 4, 8 and 8 measurements for a coefficient of determination of 95%. <br/><br/><br/>Keywords: Capsicum chinense, Cucumis sativus, Cucurbita pepo, Pisum sativum, variability, experimental precision
520 ## - NOTA DE RESUMO
Nota de conteúdo <br/><br/><br/>RESUMO: Uma das formas de otimizar a avaliação do experimento e obter elevada precisão dos resultados é com o uso de quantidade adequada de mensurações para cada variável observada no experimento. Neste sentido, o objetivo deste estudo foi estimar coeficiente de repetibilidade e o número de mensurações necessárias para análise de caracteres de produção de abobrinha, pepino, pimenta biquinho e ervilha. Os experimentos foram realizados no Departamento de Fitotecnia da Universidade Federal de Santa Maria. Para abobrinha e pepino avaliaram-se as variáveis número, massa e comprimento de frutos, maior e menor diâmetro dos frutos. Para ervilha avaliou-se o número, massa e comprimento de vagens, número e massa de grãos,<br/>e para pimenta biquinho avaliou-se número, massa, maior diâmetro e o comprimento dos frutos. O coeficiente de repetibilidade (r) foi estimado pelo método dos componentes principais usando a matriz de correlação e a matriz de covariâncias. Determinou-se ainda, o número de mensurações para cada variável com base nos coeficientes de determinação de 0.80, 0.85, 0.90, 0.95 e 1.00. O coeficiente de repetibilidade estimado obteve as maiores estimativas com o uso da matriz de covariâncias, variando de 0,67 a 0,84 para abobrinha, de 0,66 a 0,97 para pepino, de 0,47 a 0,70 para ervilha e de 0,57 a 0,71 para pimenta biquinho. Para avaliar a massa de frutos em abobrinha, pepino, ervilha e pimenta biquinho, são necessárias, respectivamente 7, 4, 8 e 8 mensurações para um coeficiente de determinação de 95%.<br/><br/><br/><br/>Palavras-chave: Cucurbita pepo, Cucumis sativus, Capsicum chinese, Pisum sativum, variabilidade, precisão experimental
650 ## - ASSUNTO - THESAGRO
Cabeçalho tópico ou nome geográfico ABOBRINHA
650 ## - ASSUNTO - THESAGRO
Cabeçalho tópico ou nome geográfico PEPINO
650 ## - ASSUNTO - THESAGRO
Cabeçalho tópico ou nome geográfico PIMENTA
650 ## - ASSUNTO - THESAGRO
Cabeçalho tópico ou nome geográfico ERVILHA
650 ## - ASSUNTO - THESAGRO
Cabeçalho tópico ou nome geográfico PRODUTIVIDADE
650 ## - ASSUNTO - THESAGRO
Cabeçalho tópico ou nome geográfico MODELO MATEMÁTICO
773 0# - ENTRADA ANALÍTICA
Host Biblionumber 1047
Registro do item 357917
Imprenta Brasília-DF Sociedade de Olericultura do Brasil 1983
Outro identificador 2025-5882
Título Horticultura Brasileira (Brazil)
ISSN 0102-0536
Colação v. 40(3) p. 247-254; (2022)
Número de controle de registro BR2025002389
856 ## - ACESSO E ENDEREÇO ELETRÔNICO
Identificador uniforme de recurso - URI https://www.scielo.br/j/hb/a/sN8KZkPmSYJV5tTJkBNYz7j/?format=pdf&lang=en

Nenhum exemplar disponível.

BINAGRI

Telefone: (61)3218-2567/2388/3357/2097 - binagri@agro.gov.br

Ministério da Agricultura e Pecuária , Esplanada dos Ministérios, Bloco D, Anexo B, Brasília/DF, CEP: 70.043-900